Catalog

Record Details

Catalog Search



Událost modlitby : základní linie hermeneutiky náboženského dění  Cover Image Book Book

Událost modlitby : základní linie hermeneutiky náboženského dění / Bernhard Casper ; [z německého originálu ... přeložil Marek Skovajsa]

Casper, Bernhard, 1931- (Author). Skovajsa, Marek, 1974- (Translator). Kolegium Zvon (Added Author).

Record details

  • ISBN: 80-7021-405-8
  • Physical Description: 155 s. ; 19 cm
  • Edition: Vyd. 1.
  • Publisher: Praha : Vyšehrad, 2000

Content descriptions

General Note:
Vydavatel: Kolegium Zvon
Bibliography, etc. Note:
Obsahuje bibliografické odkazy
Subject: modlitba
biblická hermeneutika
liturgika
náboženství
Prayer
Biblical hermeneutics
Liturgics
Religion
Genre: eseje
essays

Available copies

  • 2 of 2 copies available at Common Catalog SPOK.

Holds

  • 0 current holds with 2 total copies.
Show All Copies
Location Call Number / Copy Notes Barcode Shelving Location Status Due Date
Jabok Library PT-8.2.6 424480005040 Odborná literatura Available -
Jabok Library PT-8.2.6 424480009478 Odborná literatura Available -

LDR 01685cam a2200517 a 4500
00113673
003CZ-PrJAB
00520191107104838.0
007tu
008010425s2000 xr e 000 0 cze
015 . ‡acnb000887734
020 . ‡a80-7021-405-8 ‡q(brož.) : ‡cKč 130,00
035 . ‡a(CZ PrNK)cpk20010887734
035 . ‡a(OCoLC)47952139
040 . ‡aULG001 ‡bcze ‡dABA001
0411 . ‡acze ‡hger
072 7. ‡a2 ‡xNáboženství ‡2Konspekt ‡95
080 . ‡a2-534.3 ‡2MRF
080 . ‡a2-277.2 ‡2MRF
080 . ‡a2-528-1 ‡2MRF
080 . ‡a21/29-1/-9 ‡2MRF
080 . ‡a(0:82-4) ‡2MRF
1001 . ‡aCasper, Bernhard, ‡d1931- ‡7jn20000601149 ‡4aut
24510. ‡aUdálost modlitby : ‡bzákladní linie hermeneutiky náboženského dění / ‡cBernhard Casper ; [z německého originálu ... přeložil Marek Skovajsa]
250 . ‡aVyd. 1.
260 . ‡aPraha : ‡bVyšehrad, ‡c2000
300 . ‡a155 s. ; ‡c19 cm
4901 . ‡aLogos ; ‡vsv. 7
500 . ‡aVydavatel: Kolegium Zvon
504 . ‡aObsahuje bibliografické odkazy
65007. ‡amodlitba ‡7ph122943 ‡2czenas
65007. ‡abiblická hermeneutika ‡7ph118846 ‡2czenas
65007. ‡aliturgika ‡7ph122422 ‡2czenas
65007. ‡anáboženství ‡7ph115485 ‡2czenas
65009. ‡aPrayer ‡2eczenas
65009. ‡aBiblical hermeneutics ‡2eczenas
65009. ‡aLiturgics ‡2eczenas
65009. ‡aReligion ‡2eczenas
655 7. ‡aeseje ‡7fd132213 ‡2czenas
655 9. ‡aessays ‡2eczenas
7001 . ‡aSkovajsa, Marek, ‡d1974- ‡7kpwa5249 ‡4trl
7102 . ‡aKolegium Zvon ‡7kn20010724374
7650 . ‡tEreignis des Betens ‡9Česky
830 0. ‡aLogos (Vyšehrad : Zvon)
910 . ‡aABG312
995 . ‡aska
901 . ‡a13673 ‡bCZ PrNK ‡c13673 ‡tbiblio

Additional Resources